Phonetic Alphabet words by hint - Statistics

General Stats
  • This quiz has been taken 23 times
  • The average score is 9 of 17
Answer Stats
Hint Answer % Correct
Major US airline Delta
73%
Distilled alcoholic beverage made from fermented grain mash Whiskey
73%
Bantu ethnic group of Southern Africa Zulu
73%
Judge, Trout or Tyson Mike
67%
Canadian province Quebec
67%
Month November
60%
Amazon device commonly known as Alexa Echo
53%
Prefix meaning a thousand Kilo
53%
Shakespeare protagonist of the house Montague Romeo
53%
Pete Rose's nickname - ______ Hustle Charlie
47%
Popular form of dance Foxtrot / Tango
47%
Country India
47%
Hemingway moniker Papa
47%
Hugo, Cruz or Frankenstein Victor
47%
Sport Golf
40%
World capital Lima
40%
Sesame Street mainstay Oscar
40%
No matching quizzes found
Score Distribution
Percent of People with Each Score
Percentile by Number Answered
Your Score History
You have not taken this quiz